Auditing And Assurance Services : (Record no. 14764)
[ view plain ]
| 000 -LEADER | |
|---|---|
| fixed length control field | 00862nac a22002411u 4500 |
| 008 - FIXED-LENGTH DATA ELEMENTS--GENERAL INFORMATION | |
| fixed length control field | 081116t2008 xxu||||| |||| 00| 0 eng d |
| 020 ## - INTERNATIONAL STANDARD BOOK NUMBER | |
| International Standard Book Number | 9780132458931 (pbk.) |
| 020 ## - INTERNATIONAL STANDARD BOOK NUMBER | |
| International Standard Book Number | 0132458934 (pbk.) |
| 020 ## - INTERNATIONAL STANDARD BOOK NUMBER | |
| International Standard Book Number | 0136098800 (CD- Rom) |
| 020 ## - INTERNATIONAL STANDARD BOOK NUMBER | |
| International Standard Book Number | 9780136098805 (CD- Rom) |
| 082 ## - DEWEY DECIMAL CLASSIFICATION NUMBER | |
| Edition number | 22 |
| Classification number | 657.45 |
| Item number | ARE |
| 100 ## - MAIN ENTRY--PERSONAL NAME | |
| Personal name | Arens, Alvin A. |
| 9 (RLIN) | 1181 |
| 245 ## - TITLE STATEMENT | |
| Title | Auditing And Assurance Services : |
| Remainder of title | An Integrated Approach / |
| Statement of responsibility, etc | Alvin A. Arens, Randal J. Elder, Mark S. Beasley |
| 250 ## - EDITION STATEMENT | |
| Edition statement | 13th ed. |
| 260 ## - PUBLICATION, DISTRIBUTION, ETC. (IMPRINT) | |
| Place of publication, distribution, etc | Upper Saddle River, N.J. : |
| Name of publisher, distributor, etc | Pearson Education International/ Prentice Hall, |
| Date of publication, distribution, etc | c2010. |
| 260 ## - PUBLICATION, DISTRIBUTION, ETC. (IMPRINT) | |
| Name of publisher, distributor, etc | Distributer :Bacca |
| 300 ## - PHYSICAL DESCRIPTION | |
| Extent | xix, 854 p. : |
| Other physical details | ill. ; |
| Dimensions | 28 cm. + |
| Accompanying material | 1 CD-ROM (4 3/4 in.) |
| 500 ## - GENERAL NOTE | |
| General note | Includes index. |
| 650 ## - SUBJECT ADDED ENTRY--TOPICAL TERM | |
| Topical term or geographic name as entry element | Auditing. |
| 9 (RLIN) | 1182 |
| 700 01 - ADDED ENTRY--PERSONAL NAME | |
| Personal name | Elder, Randal J. |
| 9 (RLIN) | 1184 |
| 700 01 - ADDED ENTRY--PERSONAL NAME | |
| Personal name | Beasley, Mark S. |
| 9 (RLIN) | 1183 |
| 942 ## - ADDED ENTRY ELEMENTS (KOHA) | |
| Item type | Book - Borrowing |
| Call number prefix | 657.45 ARE |
| Source of classification or shelving scheme | Dewey Decimal Classification |
| Withdrawn status | Item status | Source of classification or shelving scheme | Damaged status | Not for loan | Vendor | Home library | Current library | Shelving location | Date acquired | Source of acquisition | Total Checkouts | Full call number | Barcode | Date last seen | Date last borrowed | Koha item type |
|---|---|---|---|---|---|---|---|---|---|---|---|---|---|---|---|---|
| Dewey Decimal Classification | Baccah | Central Library | Central Library | First floor | 13/10/2010 | 5 | 657.45 ARE | 000021908 | 15/07/2025 | 22/01/2013 | NB - Book (Non borrowing) | |||||
| Dewey Decimal Classification | Baccah | Central Library | Central Library | First floor | 13/10/2010 | 657.45 ARE | 000021909 | 24/08/2022 | CD | DVD - With book (NB) |